Vista normal Vista MARC

Entrada Personal Name

Número de registros utilizados en: 1

001 - CONTROL NUMBER

  • control field: 60004

003 - CONTROL NUMBER IDENTIFIER

  • control field: OSt

005 - DATE AND TIME OF LATEST TRANSACTION

  • control field: 20250605154301.0

008 - FIXED-LENGTH DATA ELEMENTS

  • fixed length control field: 250605|| aca||aabn | a|a d

040 ## - CATALOGING SOURCE

  • Original cataloging agency: OSt
  • Transcribing agency: OSt

100 ## - HEADING--PERSONAL NAME

  • Personal name: Le Goff, Jacques,
  • Dates associated with a name: 1924-2014.

670 ## - SOURCE DATA FOUND

  • Source citation: Work cat.: (OSt)57229: Le Goff, Jacques, 1924-2014., autor, La edad media explicada a los jóvenes /









Instituto Departamental de Cultura del Meta - Red Departamental de Bibliotecas Públicas del Meta.